000 01026pam a2200289 a 4500
005 20260322212055.0
008 data
010 _a 92004222
020 _a0895265222 (alk. paper :
_c{dollar}24.95
020 _a9780895265227 (alk. paper :
_c{dollar}24.95
040 _aDLC
_cDLC
_dDLC
043 _an-us---
050 0 0 _aE877.2
_b.M44 1992
082 0 0 _a973.927/092
_220
092 _a973.927 M44 1992
100 1 _aMeese, Edwin.
245 1 0 _aWith Reagan :
_bthe inside story /
_cEdwin Meese.
260 _aLanham, MD :
_bDistributed to the trade by National Book Network,
_aLanham, MD :
_bDistributed to the trade by National Book Network,
_cc1992.
300 _axix, 362 p., [16] p. of plates :
_bill. ;
_c24 cm.
504 _aIncludes bibliographical references (p. 339-349) and index.
600 1 0 _aReagan, Ronald
_xFriends and associates.
600 1 0 _aMeese, Edwin.
650 0 _aPresidents
_zUnited States
_xStaff.
651 0 _aUnited States
_xPolitics and government
_y1981-1989.
001 data
999 _c1302
_d1302